000 00581nam a22001457a 4500
020 _a9789327237177
082 _a330.917
100 _aR.K. Lekhi
245 _aThe economics of development and planning
260 _aNew Delhi
_bKalyani publishers
_c2014
300 _adifferent pages
942 _cBK
999 _c2977
_d2977